<?xml version="1.0" encoding="UTF-8"?><?xml-stylesheet type="text/xsl" href="static/style.xsl"?><OAI-PMH xmlns="http://www.openarchives.org/OAI/2.0/" xmlns:xsi="http://www.w3.org/2001/XMLSchema-instance" xsi:schemaLocation="http://www.openarchives.org/OAI/2.0/ http://www.openarchives.org/OAI/2.0/OAI-PMH.xsd"><responseDate>2026-04-13T07:13:02Z</responseDate><request verb="GetRecord" identifier="oai:www.recercat.cat:2072/468870" metadataPrefix="marc">https://recercat.cat/oai/request</request><GetRecord><record><header><identifier>oai:recercat.cat:2072/468870</identifier><datestamp>2024-11-04T05:57:37Z</datestamp><setSpec>com_2072_98</setSpec><setSpec>col_2072_378192</setSpec></header><metadata><record xmlns="http://www.loc.gov/MARC21/slim" xmlns:dcterms="http://purl.org/dc/terms/" xmlns:xsi="http://www.w3.org/2001/XMLSchema-instance" xmlns:doc="http://www.lyncode.com/xoai" xsi:schemaLocation="http://www.loc.gov/MARC21/slim http://www.loc.gov/standards/marcxml/schema/MARC21slim.xsd">
   <leader>00925njm 22002777a 4500</leader>
   <datafield ind2=" " ind1=" " tag="042">
      <subfield code="a">dc</subfield>
   </datafield>
   <datafield ind2=" " ind1=" " tag="720">
      <subfield code="a">Damoun, Osama</subfield>
      <subfield code="e">author</subfield>
   </datafield>
   <datafield ind2=" " ind1=" " tag="720">
      <subfield code="a">Domingo i Valls, Andreu,</subfield>
      <subfield code="e">author</subfield>
   </datafield>
   <datafield ind2=" " ind1=" " tag="720">
      <subfield code="a">Bayona, Jordi</subfield>
      <subfield code="e">author</subfield>
   </datafield>
   <datafield ind2=" " ind1=" " tag="260">
      <subfield code="c">2022</subfield>
   </datafield>
   <datafield ind2=" " ind1=" " tag="520">
      <subfield code="a">La metròpoli barcelonina ha experimentat importants transformacions urbanes i socioeconòmiques les últimes dècades, que han tingut un paper preeminent en les mutacions en la composició sociodemogràfica de la població metropolitana. Com a conseqüència, es dibuixa una nova realitat demogràfica amb l'emergència de dos fenòmens: d'una banda, el progressiu envelliment de la població i, de l'altra, dues onades d'immigració internacional fruit de la globalització dels fluxos migratoris. La conjunció d'ambdós fenòmens desemboca en un canvi demogràfic cada cop més accelerat, especialment en el context de la segona de les onades mencionades, d'especial intensitat, fins a l'arribada de la crisi de la COVID-19. Per mesurar aquests canvis i el seu impacte territorial, s'analitza la velocitat de la renovació poblacional a l'àrea metropolitana de Barcelona a escala inframunicipal amb dades del Registre continu de població de l'Institut d'Estadística de Catalunya (IDESCAT), tot apostant per dues mesures per quantificar aquesta acceleració demogràfica: una taxa de renovació poblacional i el pes de les migracions sobre aquesta renovació calculada a partir dels dos components del creixement demogràfic.</subfield>
   </datafield>
   <datafield ind2=" " ind1=" " tag="520">
      <subfield code="a">The Barcelonan metropolis has undergone major urban and socio-economic transformations in recent decades, in which the changes in the socio-demographic composition of the metropolitan population have played a preeminent role. As a result, a new demographic reality is drawn due to the emergence of two phenomena: on the one hand, the progressive ageing of the population and, on the other, two waves of international immigration as a result of the globalisation of migratory flows. The conjunction of both phenomena leads to an increasingly accelerated demographic change, especially in the context of the second of the aforementioned migration waves, which was particularly intense until the advent of the COVID-19 crisis. To measure these changes and their spatial impact, the speed of population renewal in the Barcelona metropolitan area is analysed on an infra-municipal scale. To do so, this article draws from data from the Continuous Population Register of the Statistical Institute of Catalonia (IDESCAT), using two measures to quantify this demographic acceleration: a population turnover rate and the migration share of turnover calculated from the two components of population growth.</subfield>
   </datafield>
   <datafield ind2=" " ind1=" " tag="520">
      <subfield code="a">La metrópoli barcelonesa ha experimentado importantes transformaciones urbanas y socioeconómicas las últimas décadas, que han tenido un papel preeminente las mutaciones en la composición sociodemográfica de la población metropolitana. Como consecuencia, se dibuja una nueva realidad demográfica con la emergencia de dos fenómenos: por un lado, el progresivo envejecimiento de la población y, por el otro, dos oleadas de inmigración internacional fruto de la globalización de los flujos migratorios. La conjunción de ambos fenómenos desemboca en un cambio demográfico cada vez más acelerado, especialmente en el contexto de la segunda de las oleadas mencionadas, de especial intensidad, hasta la llegada de la crisis de la COVID-19. Para medir estos cambios y su impacto territorial, se analiza la velocidad de la renovación poblacional al área metropolitana de Barcelona a escala inframunicipal con datos del Registro continuo de población del Instituto de Estadística de Cataluña (IDESCAT), apostando por dos medidas para cuantificar esta aceleración demográfica: una tasa de renovación poblacional y el peso de las migraciones sobre esta renovación calculada a partir de los dos componentes del crecimiento demográfico.</subfield>
   </datafield>
   <datafield ind1="8" ind2=" " tag="024">
      <subfield code="a">http://hdl.handle.net/2072/468870</subfield>
   </datafield>
   <datafield tag="653" ind2=" " ind1=" ">
      <subfield code="a">Demografia</subfield>
   </datafield>
   <datafield tag="653" ind2=" " ind1=" ">
      <subfield code="a">Immigració internacional</subfield>
   </datafield>
   <datafield tag="653" ind2=" " ind1=" ">
      <subfield code="a">Envelliment</subfield>
   </datafield>
   <datafield tag="653" ind2=" " ind1=" ">
      <subfield code="a">Reemplaçament generacional</subfield>
   </datafield>
   <datafield tag="653" ind2=" " ind1=" ">
      <subfield code="a">Àrea metropolitana de Barcelona</subfield>
   </datafield>
   <datafield tag="653" ind2=" " ind1=" ">
      <subfield code="a">Demography</subfield>
   </datafield>
   <datafield tag="653" ind2=" " ind1=" ">
      <subfield code="a">International immigration</subfield>
   </datafield>
   <datafield tag="653" ind2=" " ind1=" ">
      <subfield code="a">Population ageing</subfield>
   </datafield>
   <datafield tag="653" ind2=" " ind1=" ">
      <subfield code="a">Generational replacement</subfield>
   </datafield>
   <datafield tag="653" ind2=" " ind1=" ">
      <subfield code="a">Barcelona metropolitan area</subfield>
   </datafield>
   <datafield tag="653" ind2=" " ind1=" ">
      <subfield code="a">Demografía</subfield>
   </datafield>
   <datafield tag="653" ind2=" " ind1=" ">
      <subfield code="a">Inmigración internacional</subfield>
   </datafield>
   <datafield tag="653" ind2=" " ind1=" ">
      <subfield code="a">Envejecimiento</subfield>
   </datafield>
   <datafield tag="653" ind2=" " ind1=" ">
      <subfield code="a">Reemplazo generacional</subfield>
   </datafield>
   <datafield tag="653" ind2=" " ind1=" ">
      <subfield code="a">Área metropolitana de Barcelona</subfield>
   </datafield>
   <datafield ind2="0" ind1="0" tag="245">
      <subfield code="a">Immigració i acceleració demogràfica a l'àrea metropolitana de Barcelona</subfield>
   </datafield>
</record></metadata></record></GetRecord></OAI-PMH>